000 00569nam a2200169Ia 4500
003 GCL
008 140319s9999 xx 000 0 ara d
040 _aGCL /
_cGCL
082 0 4 _a812.9
_bر م
100 1 _aربيع محمد السيد
245 1 0 _aمسرحية بسمة امل: تحكى قصة العبور, ومسرحية الارادة /
_cربيع محمد السيد
300 _a40 ص
490 _aالهيئة العامة للاستعلامات
_v0
650 0 4 _aالادب العربى
650 0 4 _aالمسرحيات العربية
942 _2ddc
_cBK
999 _c50419
_d50419